North American Sports Teams 1946-47 - Statistics

General Stats
  • This quiz has been taken 19 times
    10 since last reset
  • The average score is 37 of 79
Answer Stats
Hint Answer % Correct
Ohio MLB: Cincinnati Reds
83%
Massachusetts MLB: Boston Braves
67%
Massachusetts NHL: Boston Bruins
67%
Massachusetts MLB: Boston Red Sox
67%
New York AAFC: Brooklyn Dodgers
67%
New York MLB: Brooklyn Dodgers
67%
Illinois NFL: Chicago Bears
67%
Illinois NHL: Chicago Black Hawks
67%
Illinois NFL: Chicago Cardinals
67%
Illinois MLB: Chicago Cubs
67%
Illinois MLB: Chicago White Sox
67%
Ohio AAFC: Cleveland Browns
67%
Ohio MLB: Cleveland Indians
67%
Michigan NFL: Detroit Lions
67%
Michigan MLB: Detroit Tigers
67%
California NFL: Los Angeles Rams
67%
Tennessee NAL: Memphis Red Sox
67%
Quebec NHL: Montreal Canadiens
67%
New York NFL: New York Giants
67%
New York MLB: New York Giants
67%
New York AAFC: New York Yankees
67%
New York MLB: New York Yankees
67%
Pennsylvania MLB: Philadelphia Athletics
67%
Pennsylvania NFL: Philadelphia Eagles
67%
California AAFC: San Francisco 49ers
67%
Wisconsin NBL: Sheboygan Red Skins
67%
Missouri MLB: St. Louis Browns
67%
Missouri MLB: St. Louis Cardinals
67%
Ontario NHL: Toronto Maple Leafs
67%
Illinois NBL: Tri-Cities Blackhawks
67%
DC NFL: Washington Redskins
67%
DC MLB: Washington Senators
67%
Ohio NBL: Youngstown Bears
67%
Indiana NBL: Anderson Duffey Packers
50%
Maryland ASL: Baltimore Americans
50%
Illinois AAFC: Chicago Rockets
50%
Michigan BAA: Detroit Falcons
50%
Michigan NHL: Detroit Red Wings
50%
Wisconsin NFL: Green Bay Packers
50%
New Jersey ASL: Kearny Celtic
50%
Florida AAFC: Miami Seahawks
50%
New York ASL: New York Americans
50%
New York BAA: New York Knicks
50%
New York NHL: New York Rangers
50%
Pennsylvania ASL: Philadelphia Americans
50%
Pennsylvania MLB: Philadelphia Phillies
50%
Pennsylvania MLB: Pittsburgh Pirates
50%
Pennsylvania NFL: Pittsburgh Steelers
50%
Massachusetts BAA: Boston Celtics
33%
Massachusetts NFL: Boston Yanks
33%
Ohio BAA: Cleveland Rebels
33%
Indiana NBL: Fort Wayne Zollner Pistons
33%
Missouri NAL: Kansas City Monarchs
33%
California AAFC: Los Angeles Dons
33%
Pennsylvania ASL: Philadelphia Nationals
33%
Pennsylvania BAA: Philadelphia Warriors
33%
Pennsylvania BAA: Pittsburgh Ironmen
33%
New York NBL: Rochester Royals
33%
New York NBL: Syracuse Nationals
33%
DC BAA: Washington Capitols
33%
Maryland ASL: Baltimore S.C.
17%
Alabama NAL: Birmingham Black Barons
17%
New York ASL: Brookhatten
17%
New York ASL: Brooklyn Hispano
17%
New York ASL: Brooklyn Wanderers
17%
New York AAFC: Buffalo Bisons
17%
Illinois NBL: Chicago American Gears
17%
Illinois NAL: Chicago American Giants
17%
Illinois BAA: Chicago Stags
17%
Ohio NAL: Cleveland Buckeyes
17%
Michigan NBL: Detroit Gems
17%
Indiana NAL: Indianapolis Clowns
17%
Indiana NBL: Indianapolis Kautskys
17%
New Jersey ASL: Kearny Scots
17%
Wisconsin NBL: Oshkosh All-Stars
17%
Rhode Island BAA: Providence Steamrollers
17%
Missouri BAA: St. Louis Bombers
17%
Ohio NBL: Toledo Jeeps
17%
Ontario BAA: Toronto Huskies
17%
No matching quizzes found
Score Distribution
Percent of People with Each Score
Percentile by Number Answered
Your Score History
You have not taken this quiz since the last reset